The Middle English Quiz - Statistics

General Stats
  • This quiz has been taken 57 times
  • The average score is 4 of 16
Answer Stats
Word Meaning % Correct
Beth Be
55%
Seyde Said
55%
Everich Every
45%
Sooth Truth
41%
Eyen Eyes
39%
Wepne Weapon
33%
Maydenhede Virginity
25%
Morewe Morning
24%
Eek Also
22%
Brenne Burn
22%
Swich Such
22%
Fay Faith
16%
Aventure Chance
10%
Ilke Same
10%
Kynde Nature
8%
Whylom Formerly
6%
No matching quizzes found
Score Distribution
Percent of People with Each Score
Percentile by Number Answered
Your Score History
You have not taken this quiz